00497 a2200133 450000500170000000800410001702000150005804000540007304100080012710000290013524501310016426000440029565000240033920190909081622.0190610b1976 sp ||||| |||| 00| 0 spa d a8474050197 aCO-BoUCMbspacJuan Jose MateusdJuan Jose Mateus0 aspa10aAriño ortíz , Gaspar14aLas tarifas de los servicios públicos bpoder tarifario, poder de tasación y control judicial cGaspar Ariño ortíz  bInstituto García Oviedoc1976aMadrid 7aDerecho tributario